000 00417nam a2200121Ia 4500
008 260427s2020 xx 000 0 und d
041 _ahin
082 _a920
100 _aआचार्य रतनलाल सोमणाथ
245 _aमहर्षी विठ्ठल रामजी शिंदे
260 _bआर. के. पब्लिकेशन, पुणे
_c2020
300 _aSoft/P-90
999 _c1221091
_d1221091